000 00683nam#a22002775a#4500
001 2119
008 130627s2011####ag#a###g######001#0#spa#d
245 0 0 _aReglamento de fútbol :
_b2011-2012.
250 _a1ª ed.
260 _aBuenos Aires :
_bStadium,
_c2011.
300 _a64 p. :
_bil. byn. ;
_c17 cm.
490 0 _aReglamentos ;
_vno. 7
020 _a9789505312658
710 2 _aStadium.
080 _a796.332(060.13)
084 _aR35
653 _aFútbol
653 _aReglamentos
653 _aDeporte
653 _aJuegos de pelota
653 _aEducación física
040 _aAR-ClEAG
_cAR-ClEAG
005 20241107184734.0
003 AR-ClEAG
942 _cBK
999 _c2119
_d2119
980 _62
_aEvangelina Gallicchio
_82
_gEvangelina Gallicchio